000 02298cam0 2200445 ib4500
001 BY-MI0000-br2147993130
005 20260324134520.0
010 ^a978-5-9287-2749-9
^bв переплете
035 ^a(BY-MI0000)BY-MI0000-br2147993130
100 ^a20260313d2017 b y0rusy50 ca
101 1 ^arus
^cfre
102 ^aRU
105 ^aa z 000ay
109 ^ama
181 0 ^ai3
181 0 ^ab1
^b b2e
182 0 ^an
200 1 ^aАлиса в Зазеркалье
^fЛьюис Кэрролл
^gв переводе Н. М. Демуровой
^g[стихи в переводах С. Я. Маршака, Д. Г. Орловской, О. А. Седаковой]
^gхудожники И. Акимова, И. Зуев
203 ^aТекст
^aИзображение
^bнеподвижное
^bдвухмерное
^cнепосредственные
210 ^aМосква
^cЛабиринт Пресс
^d2017
215 ^a179, [4] с.
^cил.
^d18 см
333 ^a0+
345 ^910 000 экз.
608 ^aДЕТСКАЯ И ЮНОШЕСКАЯ ЛИТЕРАТУРА (художеств. произведение)
^3BY-NLB-ar9019
^2BYGNR
606 ^aХУДОЖЕСТВЕННАЯ ЛИТЕРАТУРА
^3BY-NLB-ar37179
^2DVNLB
606 ^aАНГЛИЙСКАЯ ЛИТЕРАТУРА
^3BY-NLB-ar2468
^2DVNLB
686 ^a84(4Вел)-4
^2rubbk
690 ^a1
^2Base
^9BY-MI0000
^xRSEK
700 1 ^aКэрролл
^bЛ.
^3BY-NLB-ar103230
702 1 ^aДемурова
^bН. М.
^gНина Михайловна
^cдоктор филологических наук
^f1930—2021
^3BY-SEK-436558
^4730
702 1 ^aЗуев
^bИ.
^4040
702 1 ^aЯкимова
^bИ.
^gИрина
^cхудожник
^3BY-SEK-ar13370543
^4040
702 1 ^aСедакова
^bО. А.
^gОльга Александровна
^cкандидат филологических наук
^cписательница
^fрод. 1949
^3BY-NLB-ar101352
^4730
702 1 ^aОрловская
^bД. Г.
^gДина Григорьевна
^3BY-SEK-ar14827899
^4730
702 1 ^aМаршак
^bС. Я.
^gСамуил Яковлевич
^f1887—1964
^3BY-NLB-ar122307
^4730
801 0 ^aBY
^bBY-MI0000
^c20260316
^gRCR
899 0 ^aBY-MI0000
^iК98
^h84(4Вел)